00762nam a22001937a 4500003000200000005001700002008004100019050002800060100001500088245013100103260008500234300003100319504004100350650004900391650003400440650004400474650002600518650002400544020250120082834.0160108b xxu||||| |||| 00| 0 eng d aPHS LB 1060b.C545 2015 aChoi, Jia  aA study on the frequency of listening to classical music and its effects on academic behavior of 11th grade studentscJia Choi aLas Piñas, Philippines :bSouthville International School and Colleges,c2015. bv, 35 p. :aill. ;c28 cm. aIncludes bibliographical references. aAcademic achievementvPsychological aspects. aMusicvPsychological aspects. aClassical musicvPsychological aspects. aStudentsvPsychology. aMusic and learning.